00595nam a22002177a 450000500170000001000130001702000100003003500130004003700160005304000120006908200180008110000160009924500480011526000410016327000600020430000200026450000510028465000190033565000200035470000030037420170124110120.0 aA-372279 c00.00 aA-372279 bCen Lib/Ret aDPLbEN a655.776bTYA  aTyagi, P D  aFuel from wastes and weeds /cby P D Tyagi  aNew DelhibBatra book service c1989 bNew Delhia1/5, Bhagat singh lane, Gole market e110001 a211p.c22cm(Hb) aIncludes bibliographical references and index  aBiomass energy aAgro indusrial